Manual del minero

Furkejuvvon:
Bibliográfalaš dieđut
Váldodahkki: Cobo, Pedro N (Dahkki)
Materiálatiipa: Girji
Giella:espánnjágiella
Almmustuhtton: Valparaíso Del Mercurio 1854
Preanttus:1a. ed
Fáttát:
Fáddágilkorat: Lasit fáddágilkoriid
Eai fáddágilkorat, Lasit vuosttaš fáddágilkora!

MARC

LEADER 00000nam a2200000 a 4500
001 UCR1206
003 CL-VaPUC
008 971212e18540000CL |||||||||||||||||spa|d
082 0 4 |a 343.077  |b COB  |2 21 
100 0 |a Cobo, Pedro N  |e author  |9 398141 
245 1 0 |a Manual del minero 
246 1 0 |a Breve esposición de la ordenanza de minas de Nueva España, ilustrada con las demás leyes i disposiciones nacionales que le conciernen, para el uso de los estudiantes i al alcance de los legos 
250 |a 1a. ed 
300 |a 213 p 
942 |c BK 
945 |d 19971212 00:00:00  |a cmena 
260 |a Valparaíso  |b Del Mercurio  |c 1854 
650 0 |a Código de minería   |9 256729 
650 0 |a Derecho y legislación   |9 255077 
650 7 |a SOCIEDADES MINERAS  |2 CL-VaPUC  |9 371906 
650 7 |a PATENTES  |2 CL-VaPUC  |9 259099 
650 7 |a INDEMNIZACIONES  |2 CL-VaPUC  |9 335327 
650 0 |a Contratos mineros  |9 344920 
650 0 |a Propiedad minera   |9 370030 
650 7 |a SERVIDUMBRES MINERAS  |2 CL-VaPUC  |9 398142 
583 |a last modification  |c 19971212 00:00:00  |k Rodrigo Vera 
999 |c 264683  |d 264681 
952 |0 0  |1 0  |2 ddc  |4 0  |5 1  |6 343_077000000000000_COB_1854  |7 1  |8 C_LRYV  |9 295071  |a FDOBRV  |b BIBDER  |d 2019-11-19  |i 1921592  |o 343.077 COB 1854  |p 1921592  |r 2023-01-25  |w 2019-11-19  |y BK_X  |k BRV 
952 |0 0  |1 0  |4 0  |6 343_077000000000000_COB_1854  |7 0  |8 X  |9 295072  |a FDOBUD  |b FDOBUD  |d 2019-11-19  |i 1068431  |o 343.077 COB 1854  |p 1068431  |r 2019-11-19  |w 2019-11-19  |y BK_X  |k BUD